David Ogilvy Said: Change is Our Lifeblood. It's the Rule we Follow and Change. Ogilvy / We Make Brands Matter (Record no. 8879)
[ view plain ]
| 000 -LEADER | |
|---|---|
| fixed length control field | 01020cam a22001694a 4500 |
| 005 - ΗΜΕΡΟΜΗΝΙΑ ΚΑΙ ΩΡΑ ΤΕΛΕΥΤΑΙΑΣ ΕΝΗΜΕΡΩΣΗΣ | |
| Πεδίο ελέγχου | 20250605164348.0 |
| 008 - FIXED-LENGTH DATA ELEMENTS--GENERAL INFORMATION | |
| Πεδίο ελέγχου σταθερού μήκους | 250528s ||||||||||||||||||||||||d |
| 035 ## - SYSTEM CONTROL NUMBER | |
| System control number | 23968 |
| 040 ## - ΠΗΓΗ ΚΑΤΑΛΟΓΟΓΡΑΦΗΣΗΣ | |
| Φορέας πρωτότυπης καταλογογράφησης | MC Athens Campus Library |
| Γλώσσα καταλογογράφησης | Ελληνικά, Μοντέρνα (1453-) |
| Modifying agency | MC Athens Campus Library |
| Κανόνες περιγραφικής καταλογογράφησης | AACR2 |
| 245 1# - ΤΙΤΛΟΣ ΚΑΙ ΔΗΛΩΣΗ ΥΠΕΥΘΥΝΟΤΗΤΑΣ | |
| Τίτλος | David Ogilvy Said: Change is Our Lifeblood. It's the Rule we Follow and Change. Ogilvy / We Make Brands Matter |
| 260 ## - PUBLICATION, DISTRIBUTION, ETC. | |
| Date of publication, distribution, etc. | 2018 |
| 520 ## - SUMMARY, ETC. | |
| Summary, etc. | Ανάπτυξη με 'Κινητήρα' την Τεχνολογία, Η Πλοκή Γίνεται Όλο και πιο Ενδιαφέρουσα..., Εντατική Επικοινωνία και Συνοδεία Καινοτόμων Λανσαρισμάτων, Την Πελατοκεντρική τους Κουλτούρα Ανέδειξαν 88 Εταιρείες, Η Ανάπτυξη Συνεχίζεται με Δυναμική Είσοδο του B2B, Τα Όρια είναι Συχνά μια Ψευδαίσθηση. |
| 700 1# - ΠΡΟΣΘΕΤΗ ΑΝΑΓΡΑΦΗ--ΦΥΣΙΚΟ ΠΡΟΣΩΠΟ | |
| Personal name | Μπούσιας Μιχάλης Κ |
| 9 (RLIN) | 9357 |
| 942 ## - ADDED ENTRY ELEMENTS (KOHA) | |
| Koha item type | Περιοδικά Δημοσιεύματα |
| Τύπος τεκμηρίου | Βιβλιοθήκη | Τρέχουσα τοποθεσία | Barcode | Ημερομηνία απόκτησης | Ταξιθετικό σύμβολο | Αριθμός αντιτύπου | Αρίθμηση σειρών / χρονολογία | Κατάσταση απόσυρσης | Κατάσταση χαμένου | Κατάσταση κατεστραμμένου | Μη δανεισμός | Σύνολο δανεισμών | Ημερομηνία τελευταίας εμφάνισης | Η τιμή ισχύει από |
|---|---|---|---|---|---|---|---|---|---|---|---|---|---|---|
| Περιοδικά Δημοσιεύματα | MC Athens Campus Library | MC Athens Campus Library | 9780000088789 | 05/06/2025 | MARKETING WEEK | 1 | 1549 | 05/06/2025 | 05/06/2025 |